000 00387nam a22001217a 4500
008 230609b xxu||||| |||| 00| 0 eng d
082 _a354.676
_bGOK
110 _bGOK
245 _a2017/2018 Estimates of Development Expenditure of the GoK for the year ending 30th June 2018
_bVolume 1
_cVotes D1011-D1064
_hAPRIL 2017
260 _aKenya
_bGOK
_cAPRIL 2017
300 _a575p
942 _2ddc
_cBK
999 _c961
_d961